Specialty Conference on Control Technology for Agricultural Air Pollutants : [proceedings], March 18-19, 1974 ... Memphis, Tennessee /

Bibliographic Details
Corporate Authors: Specialty Conference on Control Technology for Agricultural Air Pollutants Memphis, Tenn., Air Pollution Control Association, Air Pollution Control Association. Southern Section, Air Pollution Control Association. Technical Council
Format: Conference Proceeding Book
Language:English
Published: Pittsburgh, Pa. : The Association, [1974]
Subjects:

MARC

Tag First Indicator Second Indicator Subfields
LEADER 00000cam a2200000 a 4500
001 in00000099177
005 20150924160008.0
008 760331s1974 paua b 10110 engm
010 |a  76357678  
035 |a (OCoLC)02982966 
035 |9 AAL0052AM 
040 |a DLC  |c DLC  |d m.c.  |d TXA  |d UtOrBLW 
049 |a TXAM  |c [1633600] 
050 0 0 |a TD930  |b  S63 1974 
082 0 |a 628.5 
111 2 |a Specialty Conference on Control Technology for Agricultural Air Pollutants  |d (1974 :  |c Memphis, Tenn.) 
245 1 0 |a Specialty Conference on Control Technology for Agricultural Air Pollutants :  |b [proceedings], March 18-19, 1974 ... Memphis, Tennessee /  |c  edited by the Air Pollution Control Association ; sponsored by the Southern Section and the Technical Council of the Air Pollution Control Association. 
264 1 |a Pittsburgh, Pa. :  |b The Association,  |c [1974] 
264 4 |c ©1974 
300 |a x, 182 pages :  |b illustrations ;  |c 24 cm. 
336 |a text  |b txt  |2 rdacontent 
337 |a unmediated  |b n  |2 rdamedia 
338 |a volume  |b nc  |2 rdacarrier 
500 |a Cover title: Proceedings control technology for agricultural air pollutants specialty conference. 
500 |a Spine title: Agricultural air pollutants. 
504 |a Includes bibliographical references and index. 
650 0 |a Agricultural wastes  |v Congresses. 
650 0 |a Air  |x Pollution  |v Congresses. 
710 2 |a Air Pollution Control Association. 
710 2 |a Air Pollution Control Association.  |b Southern Section. 
710 2 |a Air Pollution Control Association.  |b Technical Council. 
740 0 |a Proceedings control technology for agricultural air pollutants specialty conference. 
740 0 |a Agricultural air pollutants. 
999 |a MARS 
999 f f |s 92432163-8e4f-381b-982e-c7450b094b90  |i 9577d71a-382a-30fe-96c7-5386d21d550e  |t 0 
952 f f |p ric  |a Texas A&M University  |b Rellis Campus  |c Joint Library Facility  |d Remote Storage  |t 0  |e TD930 S63 1974  |h Library of Congress classification  |i unmediated -- volume  |m A14806294654 
998 f f |a TD930 S63 1974  |t 0  |l Remote Storage